| 000 | 00592nam a2200241 a 4500 | ||
|---|---|---|---|
| 001 | 0001-1310 | ||
| 003 | ELIB.Books | ||
| 008 | 150710 2010 eng | ||
| 020 | _aKBTS | ||
| 035 | _a(ELIB.Books)0001-1465 | ||
| 092 |
_a808.83 _bTho |
||
| 100 | _aThomson, Lucy Gertsch. | ||
| 245 | _aStories That Live | ||
| 260 |
_aSalt Lake City _bBookcraft Inc. _c1956 |
||
| 300 |
_a129 _c16 Cm |
||
| 500 | _aLibrary | ||
| 650 | _aShort Stories | ||
| 856 |
_nKBTS: Library _uKBTS: Elib |
||
| 942 |
_2ddc _cBK |
||
| 990 | _a1 | ||
| 998 |
_cbat _e2015-07-10 |
||
| 999 |
_c11310 _d11310 |
||